00594 2200181 4500245004500000020001800045250001100063100002100074700001900095650001700114005001900131260003000150041001400180084001100194300002600205500017200231336000900403 aJika Aku MilikmucBernard BatubarahText a979-780-839-6 aCet. 2 aBernard Batubara aGita Romadhona aNovel Remaja a20240229112622 aJakartabGagasMediac2015 aIndonesia a808.83 ax, 262 hlm. :c19 cm. aBisakah cinta tumbuh tanpa keraguan-raguan?Jika suatu hari nanti, tiba waktunya kau untuk mencintai, bisakah kau memberikan cinta kepada seseorang yang tidak sempurna? atext